000 00221 a2200097 4500
001 19818
100 _aDuverger M
245 _aIntroduction to the social science
260 _a
_bAllen & Unwin
_c
090 _c14442
_d14442
942 _aNUST-CAE
_cM
_c4939
999 _c254891
_d254891